000 00665nam a22002417a 4500
003 UA-OsUOA
001 21797
007 ta
008 20031213b un ||||| |||| 00| 0 ukr d
090 _a004.43 (035)
_bC61
942 _cBK
040 _aUA-OsUOA
_brus
_cUA-OsUOA
_dUA-OsUOA
245 _aCLIPPER 5
_bКраткий справочник
_cрский коллектив"*.*"Авторский коллектив"*.*"
300 _a61 с.
955 _a0
041 _arus
080 _a004.43 (035)
020 _a5-86806-009-1
260 _aМосква
_bИИКЦ "Эльф-М"
_c1992
044 _aRU
650 7 _2UDC
999 _c308004
_d308004